Zum Polymorphismus der alkalischen Phosphatase (EC 3.1.3.1.) im Serum von Schwangeren zur Zeit der Geburt, in Nabelschnurseren sowie in Plazenta-Extrakten /

Main Author: Müller, Frank
Corporate Author: Philipps-Universität Marburg
Language: German
Published: Marburg : Frank Müller, 1976
Physical Description: 34 stran
Book
Saved in:
LEADER 00927nam a22002532i 4500
001 001549157
003 CZ BrMZK
005 20161031085534.0
007 ta
008 161024s1976 gw er|||||||||||ger d
040 |a BOA001  |b cze  |e rda 
100 1 |a Müller, Frank  |4 dis 
245 1 0 |a Zum Polymorphismus der alkalischen Phosphatase (EC 3.1.3.1.) im Serum von Schwangeren zur Zeit der Geburt, in Nabelschnurseren sowie in Plazenta-Extrakten /  |c Frank Müller 
264 1 |a Marburg :  |b Frank Müller,  |c 1976 
300 |a 34 stran 
336 |a text  |b txt  |2 rdacontent 
337 |a bez média  |b n  |2 rdamedia 
338 |a svazek  |b nc  |2 rdacarrier 
502 |a Disertace--Philipps-Universität Marburg, 1976 
710 2 |a Philipps-Universität Marburg  |7 kn20010710538  |4 isb 
910 |a BOA001  |b X-0807.122 
990 |a BK 
991 |b 201610 
996 7 |b 2619177748  |c X-0807.122  |l MZK  |r Sklad / do 24 hodin  |n 0  |w 001584581  |u 000010  |a 1  |e BOA001  |j MZK50  |s A